| 000 | 00500nam a2200181Ia 4500 | ||
|---|---|---|---|
| 008 | 240925s9999 xx 000 0 und d | ||
| 020 | _a70991650 | ||
| 082 | _a515.72 SPI | ||
| 100 | _aSpiegel, Murray R. | ||
| 245 | 0 | _aSchaum's Outline Series Theory and Problems of Laplace Transforms | |
| 250 | _aNA | ||
| 260 |
_aNew York: _bMcGraw-Hill _c,1986. |
||
| 300 |
_a261p. _bNA _fPirated |
||
| 500 | _aIncludes Index | ||
| 600 | _aHumanities & Natural Science | ||
| 650 | _aMathematics | ||
| 942 | _cBK | ||
| 999 |
_c2565 _d2565 |
||